000 00285nam a2200109Ia 4500
008 200302s9999 xx 000 0 und d
100 _aAnne Fougeron
245 _aFougeron Architecture : Opposition/Compostion
260 _bPrinceton Architectural Press
260 _c2011
300 _a192
999 _c4678
_d4678